000 00478 a2200169 4500
999 _c7640
_d7640
020 _a9780078050014
050 _aHN 591.2 TAK 2009
100 _aFinesterbussch, K
_eauthor
245 _aTaking sides :
_bclashing views on social issues
_cKurt Finsterbusch
250 _a16th ed
264 _aNey York :
_bMcGraw- Hill,
_c2009
300 _a401p.:
500 _aincludes references.
650 _aSocial behaviour
650 _aSocial problems
942 _2lcc
_cBK
_h59.2
_iFIN
_kHN